Handbook of Learning from Multiple Representations and Perspectives (Record no. 62946)
[ view plain ]
| 000 -LEADER | |
|---|---|
| fixed length control field | 01674nam a2200349Ii 4500 |
| 003 - CONTROL NUMBER IDENTIFIER | |
| control field | URS |
| 005 - DATE AND TIME OF LATEST TRANSACTION | |
| control field | 20230602143551.0 |
| 008 - FIXED-LENGTH DATA ELEMENTS--GENERAL INFORMATION | |
| fixed length control field | 221202s xx 000 0 und d |
| 040 ## - CATALOGING SOURCE | |
| Transcribing agency | URS |
| 245 #0 - TITLE STATEMENT | |
| Title | Handbook of Learning from Multiple Representations and Perspectives |
| 264 ## - PRODUCTION, PUBLICATION, DISTRIBUTION, MANUFACTURE, AND COPYRIGHT NOTICE | |
| Name of producer, publisher, distributor, manufacturer | Taylor & Francis |
| Date of production, publication, distribution, manufacture, or copyright notice | 2020 |
| 300 ## - PHYSICAL DESCRIPTION | |
| Extent | 1 online resource |
| 336 ## - CONTENT TYPE | |
| Content type term | text |
| Content type code | txt |
| Source | rdacontent |
| 337 ## - MEDIA TYPE | |
| Media type term | computer |
| Media type code | c |
| Source | rdamedia |
| 338 ## - CARRIER TYPE | |
| Carrier type term | online resource |
| Carrier type code | cr |
| Source | rdacarrier |
| 520 ## - SUMMARY, ETC. | |
| Summary, etc. | The Role of Validation in Integrating Multiple Perspectives, Handbook of Learning from Multiple Representations and Perspectives, Tobias Richter, Hannes Münchow, Johanna Abendroth, validity, two-step model, beliefs, comprehension, integration, multiple texts, text comprehension, digital learning, knowledge creation, componential information, conflicting information |
| 653 ## - INDEX TERM--UNCONTROLLED | |
| Uncontrolled term | The Role Of Validation In Integrating Multiple Perspectives, Handbook Of Learning From Multiple Representations And Perspectives, Tobias Richter, Hannes M�Nchow, Johanna Abendroth, Validity, Two-Step Model, Beliefs, Comprehension, Integration, Multiple Texts, Text Comprehension, Digital Learning, Knowledge Creation, Componential Information, Conflicting Information |
| 700 1# - ADDED ENTRY--PERSONAL NAME | |
| Personal name | 0000-0002-0392-7659 |
| 700 1# - ADDED ENTRY--PERSONAL NAME | |
| Personal name | 0000-0002-4172-318X |
| 700 1# - ADDED ENTRY--PERSONAL NAME | |
| Personal name | 0000-0002-7596-6286 |
| 700 1# - ADDED ENTRY--PERSONAL NAME | |
| Personal name | 0000-0003-1125-9811 |
| 700 1# - ADDED ENTRY--PERSONAL NAME | |
| Personal name | 600 |
| 700 1# - ADDED ENTRY--PERSONAL NAME | |
| Personal name | 600 |
| 700 1# - ADDED ENTRY--PERSONAL NAME | |
| Personal name | 600 |
| 700 1# - ADDED ENTRY--PERSONAL NAME | |
| Personal name | 600 |
| 700 1# - ADDED ENTRY--PERSONAL NAME | |
| Personal name | KENDEOU, PANAYIOTA |
| 700 1# - ADDED ENTRY--PERSONAL NAME | |
| Personal name | LIST, ALEXANDRA |
| 700 1# - ADDED ENTRY--PERSONAL NAME | |
| Personal name | Lombardi, Doug |
| 700 1# - ADDED ENTRY--PERSONAL NAME | |
| Personal name | Van Meter, Peggy |
| 856 ## - ELECTRONIC LOCATION AND ACCESS | |
| Uniform Resource Identifier | <a href="https://library.oapen.org/handle/20.500.12657/49684">https://library.oapen.org/handle/20.500.12657/49684</a> |
| 942 ## - ADDED ENTRY ELEMENTS (KOHA) | |
| Koha item type | E-Book |
| Source of classification or shelving scheme | Library of Congress Classification |
| Withdrawn status | Damaged status | Not for loan | Home library | Current library | Date acquired | Total Checkouts | Date last seen | Price effective from | Koha item type |
|---|---|---|---|---|---|---|---|---|---|
| Directory of Open Access Books | Directory of Open Access Books | 11/28/2022 | 11/28/2022 | 11/28/2022 | E-Book |